Geography Quiz

Random Geography or Blitz Quiz

Blitz: European 'L' Countries Quiz Stats

 Plays Quiz Updated Jul 14, 2016

Challenge
Share
Tweet
Embed
Score 0/20 Timer 01:00
6 Plays Today
Country % Correct
Latvia
83.9%
Lithuania
82.5%
Luxembourg
75.7%
Italy
73%
Ireland
72.1%
Portugal
72%
Finland
71.3%
Liechtenstein
67.1%
Poland
66.2%
Iceland
63.3%
Country % Correct
Slovakia
58.8%
Slovenia
58.1%
Belgium
57.1%
Netherlands
55.7%
Switzerland
54.2%
Belarus
47.9%
Malta
46.1%
Albania
45.7%
Bulgaria
45.5%
Moldova
40.3%

You're not logged in!

Compare scores with friends on all Sporcle quizzes.
OR
Log In

You Might Also Like...

Show Comments

Extras

Top Quizzes Today


Score Distribution

Your Account Isn't Verified!

In order to create a playlist on Sporcle, you need to verify the email address you used during registration. Go to your Sporcle Settings to finish the process.

Report this User

Report this user for behavior that violates our Community Guidelines.

Details: